Rozpoznaj wyr_żenie/słowo ale z brakującymi literami - Statystyki

Ogólne statystyki
  • Ten quiz został rozwiązany 4 razy
  • Średni wynik to 7 z 15
Statystyki odpowiedzi
Odpowiedź % Poprawnych
N__ W__M nie wiem
100%
PA_AC _______ _ NA__I Pałac Kultury i Nauki
100%
WYPAD__ ____OWY wypadek drogowy
100%
_____CZK_ MN_Ż_NI_ tabliczka mnożenia
67%
__KARA Ankara
33%
JE___ _ ___ESIĘ__U Jeden z Dziesięciu
33%
_O_O _O__U_Y Koło Fortuny
33%
MŁO_______ SŁO__ __KU Młodzieżowe Słowo Roku
33%
_AW__AC_A _AM______WA nawigacja samochodowa
33%
NOR___-WAL_____ nordic-walking
33%
__ÓJ NAU_________ pokój nauczycielski
33%
____ __ROP____A Unia Europejska
33%
W_C__YREK____ wicedyrektor
33%
____NIENIE __KAR_K__ zwolnienie lekarskie
33%
__CH__ CI__ kocham cię
0%
Nie znaleziono quizów pasujących do podanych kryteriów
Rozkład punktacji
Procent ludzi z każdym wynikiem
Percentyl według liczby udzielonych odpowiedzi
Twoja historia wyników
Nie rozwiązałeś tego quizu